| 000 | 01108nam a2200229 i 4500 | ||
|---|---|---|---|
| 001 | 163838 | ||
| 003 | ES-MaACL | ||
| 005 | 20250907063125.0 | ||
| 008 | 991104s1884 sp f |||| | spa d | ||
| 040 |
_aCCPB | B _bspa _cCCPB | B |
||
| 100 | 1 |
_aRodríguez Villa, Antonio, _d1843-1912 _998860 |
|
| 245 | 1 | 0 |
_aHistoria de la campaña de 1647 en Flandes _b: siendo Gobernador General de aquellos países por España el Archiduque Leopoldo / _cpor Antonio Rodríguez Villa. |
| 260 |
_aMadrid : _b[s.n.], _c1884 ( _ftipografía de Manuel G. Hernández) |
||
| 300 |
_a98 p., [2] h. de grab. ; _c24 cm. |
||
| 600 | 1 | 4 |
_aLeopold Wilhelm _cArchiduque de Austria ( _d1614-1662) _9163674 |
| 650 | 4 |
_aGuerra franco-española, 1635-1659- _xCampañas. _9163675 |
|
| 651 | 4 |
_aEspaña- _xHistoria- _y1621-1665, Felipe IV. _98235 |
|
| 651 | 0 |
_aPaíses Bajos- _xHistoria- _y1556-1648 (Guerras de la Independencia) _9241409 |
|
| 651 | 4 |
_aPaíses Bajos- _xHistoria- _yS.XVII. _9161208 |
|
| 852 |
_aES-MaACL _jT-825-F-4 _z-- Enc. hol., conservando la cub. original _z-- Enc. en un vol. facticio |
||
| 999 |
_c163838 _d163838 |
||